000 00276nam a2200109Ia 4500
008 231129s9999||||xx |||||||||||||| ||spa||
082 _aER- 590
100 _aTorres Giraldo Ignacio
245 0 _aLos inconformes 5
264 _aBogotá D.E.: UNINCCA 1974
942 _2ddc
_cBKS
999 _c19755
_d19755